Dentální impalntáty VNI

Bibliographic Details
Main Author: Vaněk, Jiří (Author)
Format: Article
Language:Slovak
PhysicalDescription:Obr. 5, res. angl., čes., lit. 10 zázn.
ISSN:1335-0005
Subjects:

MARC

LEADER 00000nab a2200000 a 4500
001 vtls000646100
003 SK-MaSNL
005 20260304090344.0
008 250425c1997 xo 0 slo
015 |a SNBRB19rr/mm-uuuuu 
035 |a CL0646239 
035 |a urn:nbn:sk:snk-ab6xfe 
035 |a (uuid)78293a70-0884-4c22-8156-4b1312e6dd9f 
035 |a (urnnbn)urn:nbn:sk:snk:ar-a06536 
035 |a (sysno)vtls000646100 
040 |a SNKBUCL  |b slo  |c SNKBUCL  |e AACR2 
041 0 |a slo 
044 |a xo  |c SK 
080 |a 616.314-089.28  |2 1981 
100 1 |a Vaněk, Jiří  |4 aut  |9 293144 
245 1 0 |a Dentální impalntáty VNI  |c Jiří Vaněk 
300 |b Obr. 5, res. angl., čes., lit. 10 zázn. 
650 0 7 |a implantáty zubné  |2 snkbucl  |9 982144 
650 0 7 |a VNI (implantáty zubné)  |2 snkbucl  |9 1381246 
655 7 |a články z novín a časopisov  |2 snkbucl  |9 267496 
773 0 |t Stomatológ  |g Roč. 7, č. 4 (1997), s. 23-24  |x 1335-0005 
850 |a Slovenská národná knižnica 
852 |a Slovenská národná knižnica 
954 |a odborná, vedecká literatúra pôvodná (slovenská)  |2 lita 
958 |a article27 
958 |a NB 
958 |a MI 
958 |a RK 
958 |a OND 
958 |a EUIPO 
999 |c 2811199  |d 2813129